[Event "Harmonie"]
[Site "Groningen NED"]
[Date "2003.12.21"]
[Round "1"]
[White "Kurnosov,I"]
[Black "Gagunashvili,M"]
[Result "1-0"]
[WhiteElo "2527"]
[BlackElo "2582"]
[EventDate "2003.12.21"]

1. e4 d6 2. d4 Nf6 3. Nc3 g6 4. Be3 c6 5. h3 b5 6. e5 dxe5 7. dxe5 Qxd1+ 8.
Rxd1 Nfd7 9. f4 Bg7 10. g3 a6 11. Bg2 f6 12. e6 Nf8 13. Nd5 Nxe6 14. Nb6
Bb7 15. Nxa8 Bxa8 16. Ne2 Nd7 17. Nd4 Nxd4 18. Bxd4 Kd8 19. O-O Kc7 20.
Rfe1 Re8 21. Bc3 e5 22. Re2 Bf8 23. Ba5+ Kc8 24. Red2 Bc5+ 25. Kh1 Re7 26.
fxe5 Nxe5 27. Rd8+ Kb7 28. Bc3 h5 29. Bxe5 Rxe5 30. R1d7+ Kb6 31. Rb8+ Ka5
32. Rd1 1-0

[Event "Harmonie"]
[Site "Groningen NED"]
[Date "2003.12.21"]
[Round "1"]
[White "Ernst,S"]
[Black "Michiels,B"]
[Result "1-0"]
[WhiteElo "2474"]
[BlackElo "2390"]
[EventDate "2003.12.21"]

1. d4 e6 2. c4 Nf6 3. Nf3 b6 4. g3 Ba6 5. b3 b5 6. Bg2 bxc4 7. Ne5 Bb4+ 8.
Bd2 cxb3 9. axb3 Bxd2+ 10. Qxd2 c6 11. O-O O-O 12. Rc1 Nd5 13. e4 Ne7 14.
d5 Ng6 15. Nxg6 hxg6 16. d6 Bb7 17. e5 Qb6 18. Nc3 Na6 19. Ne4 Rfb8 20. Ra4
Qb5 21. Bf1 Qxe5 22. Bxa6 Qd5 23. Rd4 Qh5 24. Be2 Qh3 25. Nc5 Bc8 26. Qg5
1-0

[Event "Harmonie"]
[Site "Groningen NED"]
[Date "2003.12.21"]
[Round "1"]
[White "L'Ami,E"]
[Black "Li Wenliang"]
[Result "1/2-1/2"]
[WhiteElo "2470"]
[BlackElo "2477"]
[EventDate "2003.12.21"]

1. e4 e5 2. Nf3 Nc6 3. Bb5 Bc5 4. O-O Nf6 5. d3 d6 6. c3 O-O 7. h3 Bd7 8.
Re1 Bb6 9. Nbd2 Ne7 10. Bxd7 Nxd7 11. Nc4 Ng6 12. a4 a6 13. Nxb6 Nxb6 14.
d4 a5 15. Qb3 Qd7 16. dxe5 dxe5 17. Be3 Ra6 18. Qb5 Qe6 19. Bxb6 Rxb6 20.
Qxa5 Rxb2 21. Qxc7 Rc8 22. Qa5 b6 23. Qd5 Rxc3 24. Qxe6 fxe6 25. Rec1 Rxc1+
26. Rxc1 h6 27. Rc4 Kf7 28. g3 Kf6 29. Kg2 Nf8 30. Nh2 1/2-1/2

[Event "Harmonie"]
[Site "Groningen NED"]
[Date "2003.12.22"]
[Round "2"]
[White "Nijboer,F"]
[Black "Kurnosov,I"]
[Result "1-0"]
[WhiteElo "2577"]
[BlackElo "2527"]
[EventDate "2003.12.21"]

1. e4 c5 2. Nf3 d6 3. d4 cxd4 4. Nxd4 Nf6 5. Nc3 a6 6. Be3 e6 7. f3 b5 8.
g4 h6 9. Qd2 Nbd7 10. O-O-O Bb7 11. Bd3 Ne5 12. Rhe1 b4 13. Na4 d5 14. exd5
Nxd5 15. f4 Qa5 16. b3 Nxd3+ 17. Qxd3 O-O-O 18. f5 Be7 19. Bf2 Bg5+ 20. Kb1
Kb8 21. fxe6 fxe6 22. h4 Bf6 23. Qg3+ Nc7 24. Nxe6 Rxd1+ 25. Rxd1 Qe5 26.
Qxe5 Bxe5 27. Nec5 Bc8 28. Nb6 Bxg4 29. Rg1 Rd8 30. Nd3 Bf5 31. Nxe5 Rd2
32. Nc6+ Kb7 33. Na5+ Ka7 34. Be3 Rxc2 35. Ka1 Re2 36. Nd5+ Kb8 37. Bf4 1-0

[Event "Harmonie"]
[Site "Groningen NED"]
[Date "2003.12.22"]
[Round "2"]
[White "Gagunashvili,M"]
[Black "Ernst,S"]
[Result "1-0"]
[WhiteElo "2582"]
[BlackElo "2474"]
[EventDate "2003.12.21"]

1. d4 Nf6 2. c4 e6 3. Nc3 Bb4 4. Qc2 O-O 5. a3 Bxc3+ 6. Qxc3 b6 7. Bg5 Ba6
8. Qf3 Nc6 9. e3 h6 10. Bh4 Na5 11. Rc1 c5 12. e4 g5 13. Bg3 Bb7 14. b4
Bxe4 15. Qd1 Nc6 16. dxc5 e5 17. f3 Bg6 18. b5 Nd4 19. Bxe5 Re8 20. Qxd4
bxc5 21. Qxc5 d6 22. Qd4 Qc7 23. Ne2 dxe5 24. Qb2 Re6 25. g3 Rd8 26. c5 e4
27. Bh3 g4 28. fxg4 e3 29. g5 Rd2 30. Qb3 Bd3 31. Nf4 Re4 32. Nxd3 Rxh2 33.
Rg1 Nd5 34. b6 1-0

[Event "Harmonie"]
[Site "Groningen NED"]
[Date "2003.12.22"]
[Round "2"]
[White "Michiels,B"]
[Black "L'Ami,E"]
[Result "1/2-1/2"]
[WhiteElo "2390"]
[BlackElo "2470"]
[EventDate "2003.12.21"]

1. e4 e6 2. d4 d5 3. Nc3 Bb4 4. e5 c5 5. a3 Bxc3+ 6. bxc3 Ne7 7. Qg4 O-O 8.
Bd3 Nbc6 9. Qh5 Ng6 10. Nf3 Qc7 11. Be3 c4 12. Bxg6 fxg6 13. Qg4 Qf7 14.
Ng5 Qe8 15. h4 h6 16. Nh3 b5 17. h5 gxh5 18. Qe2 Bd7 19. Nf4 Rxf4 20. Bxf4
Qf7 21. Be3 Be8 22. g4 hxg4 23. Qxg4 Qg6 24. Qh3 Ne7 25. Kd2 Qf5 26. Rag1
Qxh3 27. Rxh3 Kh7 28. Rhh1 Rb8 29. Rb1 Rb6 30. Bg5 Nf5 31. Bd8 Rb8 32. Ba5
a6 33. Bb4 Rb7 34. Bc5 Rf7 35. Rbg1 Rb7 36. Bb4 Bg6 37. Rh2 Rf7 38. a4 bxa4
39. Ra1 Ra7 40. Bc5 Ra8 41. Rb1 Be8 42. Rb6 Bd7 43. Rh1 Kg6 44. Rg1+ Kh7
45. Rh1 Kg6 46. Rg1+ Kh5 47. f4 Rg8 48. Rxa6 g5 49. fxg5 Rxg5 50. Rxg5+
hxg5 51. Ra7 Be8 52. Ra6 Bf7 53. Rxa4 Ng3 54. Ke3 Bg6 55. Kf3 Ne4 56. Ra1
Bf5 57. Rh1+ Kg6 58. Bb4 Nd2+ 59. Ke3 Ne4 60. Kf3 1/2-1/2

[Event "Harmonie"]
[Site "Groningen NED"]
[Date "2003.12.22"]
[Round "2"]
[White "Dambacher,M"]
[Black "Li Wenliang"]
[Result "1/2-1/2"]
[WhiteElo "2419"]
[BlackElo "2477"]
[EventDate "2003.12.21"]

1. d4 Nf6 2. c4 e6 3. Nc3 Bb4 4. e3 O-O 5. Bd3 d5 6. Nf3 c5 7. O-O dxc4 8.
Bxc4 cxd4 9. exd4 b6 10. Bg5 Bb7 11. Ne5 h6 12. Bxf6 Qxf6 13. Re1 Bxc3 14.
bxc3 Qg5 15. Nf3 Qa5 16. Re3 Nd7 17. Qb3 a6 18. Ne5 Nf6 19. Be2 Rac8 20. c4
Rfd8 21. Rd1 b5 22. c5 Bd5 23. Qb2 Qxa2 24. Qxa2 Bxa2 25. Ra3 Bc4 26. Nxc4
bxc4 27. Rc3 Nd5 28. Rxc4 Rb8 29. g3 Rb2 30. Bf1 Rb4 31. Ra1 Rxc4 32. Bxc4
Nc7 33. Kf1 Kf8 34. Ke2 Rxd4 35. Bxa6 Rd5 36. c6 Nxa6 37. Rxa6 Rc5 38. Ra8+
Ke7 39. Ra7+ Kf6 40. Rc7 e5 41. Rc8 Ke7 42. c7 h5 43. h4 g6 44. Kd3 Kf6 45.
Ke4 Kg7 46. f3 f5+ 1/2-1/2

[Event "Harmonie"]
[Site "Groningen NED"]
[Date "2003.12.23"]
[Round "3"]
[White "L'Ami,E"]
[Black "Gagunashvili,M"]
[Result "0-1"]
[WhiteElo "2470"]
[BlackElo "2582"]
[EventDate "2003.12.21"]

1. d4 Nf6 2. c4 e6 3. Nf3 c5 4. Nc3 cxd4 5. Nxd4 a6 6. e3 b6 7. Be2 Bb7 8.
O-O Be7 9. b3 O-O 10. Bb2 d6 11. Bf3 Qc7 12. Qe2 Nbd7 13. Rfd1 Rac8 14. h3
Rfe8 15. Rac1 Qb8 16. Rc2 Bf8 17. Rcd2 Nc5 18. Bxb7 Qxb7 19. Qf3 Qxf3 20.
Nxf3 Nfe4 21. Nxe4 Nxe4 22. Rd4 Nc5 23. Ne1 g6 24. Nd3 Nb7 25. e4 Bg7 26.
e5 Red8 27. f4 b5 28. Rc1 h5 29. Ba3 bxc4 30. Rdxc4 Rxc4 31. Rxc4 dxe5 32.
Nxe5 g5 33. Rc7 Rd1+ 34. Kf2 Nd8 35. g3 h4 36. Ke2 Ra1 37. Be7 hxg3 38.
Bxd8 gxf4 39. Nf3 Rxa2+ 40. Kd3 Rf2 41. Ke4 g2 0-1

[Event "Harmonie"]
[Site "Groningen NED"]
[Date "2003.12.23"]
[Round "3"]
[White "Smeets,J"]
[Black "Dambacher,M"]
[Result "1-0"]
[WhiteElo "2511"]
[BlackElo "2419"]
[EventDate "2003.12.21"]

1. e4 e6 2. d4 d5 3. e5 c5 4. c3 Nc6 5. Nf3 Bd7 6. Be2 Nge7 7. O-O Ng6 8.
Re1 Qb6 9. h4 cxd4 10. cxd4 Be7 11. g3 O-O 12. Nc3 f6 13. exf6 Bxf6 14. Na4
Qd8 15. Be3 Nge7 16. Bd3 Nb4 17. Nc5 Nxd3 18. Qxd3 b6 19. Nxd7 Qxd7 20. Re2
Rac8 21. Rae1 Nf5 22. Bf4 Rc6 23. Kg2 Qf7 24. Kh3 h6 25. Qd2 Rfc8 26. Ne5
Bxe5 27. Bxe5 h5 28. Qg5 Rc2 29. Kg2 Kh7 30. f3 Qg6 31. Qxg6+ Kxg6 32. g4
Ne7 33. Kg3 Kf7 34. Kf4 Ng8 35. Kg5 Nf6 36. Rxc2 Rxc2 37. Bxf6 gxf6+ 38.
Kxh5 Rxb2 39. Rc1 e5 40. dxe5 fxe5 41. g5 Ke6 42. Kg6 Rf2 43. h5 Rxf3 44.
h6 Rh3 45. h7 e4 46. Rc8 d4 47. h8=Q Rxh8 48. Rxh8 d3 49. Re8+ Kd5 50. Kf5
1-0

[Event "Harmonie"]
[Site "Groningen NED"]
[Date "2003.12.24"]
[Round "4"]
[White "Nijboer,F"]
[Black "L'Ami,E"]
[Result "1/2-1/2"]
[WhiteElo "2577"]
[BlackElo "2470"]
[EventDate "2003.12.21"]

1. e4 e6 2. d4 d5 3. Nc3 Bb4 4. e5 c5 5. a3 Bxc3+ 6. bxc3 Ne7 7. Qg4 O-O 8.
Bd3 Nbc6 9. Qh4 Ng6 10. Qxd8 Rxd8 11. Bg5 Rd7 12. Nf3 Nge7 13. g4 Rc7 14.
h4 Bd7 15. h5 Be8 16. dxc5 Na5 17. Be3 Nc4 18. Bd4 b6 19. cxb6 axb6 20. Ke2
Rxa3 21. Rxa3 Nxa3 22. Bxb6 Rc8 23. h6 gxh6 24. Rxh6 Bb5 25. Bd4 Ng6 26.
Ke3 Kg7 27. Rh1 Nc4+ 28. Bxc4 dxc4 29. Ra1 Bc6 30. Nd2 Bd5 31. f4 Nh4 32.
Kf2 h5 33. Kg3 Ng2 34. gxh5 Kh6 35. Nf3 Rg8+ 36. Ng5 Nxf4 37. Kxf4 Rxg5 38.
Rg1 1/2-1/2

[Event "Harmonie"]
[Site "Groningen NED"]
[Date "2003.12.24"]
[Round "4"]
[White "Werle,J"]
[Black "Ernst,S"]
[Result "1-0"]
[WhiteElo "2409"]
[BlackElo "2474"]
[EventDate "2003.12.21"]

1. Nf3 d5 2. d4 c6 3. c4 e6 4. Qc2 Nf6 5. Bg5 Nbd7 6. Nbd2 Be7 7. g3 O-O 8.
Bg2 b6 9. O-O Bb7 10. Rad1 Rc8 11. e4 c5 12. exd5 exd5 13. dxc5 Nxc5 14.
Nd4 Qd7 15. Qf5 Ne6 16. Nxe6 fxe6 17. Qh3 h6 18. Bf4 Rfd8 19. Rfe1 Bb4 20.
Qxe6+ Qxe6 21. Rxe6 Kf7 22. Re2 Ba6 23. Bh3 Rc6 24. Nf3 Bd6 25. Bxd6 Rcxd6
26. Red2 Bxc4 27. Ne5+ Ke7 28. Re1 Kf8 29. Ng6+ Kf7 30. Bf5 Re8 31. Ne5+
Kg8 32. f4 a5 33. b3 Bb5 34. Rc1 Rf8 35. a4 Be8 36. Rc7 b5 37. axb5 Bxb5
38. Rb7 Ba6 39. Re7 Bc8 40. Bd3 Rb6 41. Rc2 Rb7 42. Ng6 Bd7 43. Nxf8 Kxf8
44. Rce2 Rxb3 45. Bg6 Kg8 46. g4 Rb4 47. g5 Rxf4 48. gxf6 Rxf6 1-0

[Event "Harmonie"]
[Site "Groningen NED"]
[Date "2003.12.24"]
[Round "4"]
[White "Gagunashvili,M"]
[Black "Li Wenliang"]
[Result "1-0"]
[WhiteElo "2582"]
[BlackElo "2477"]
[EventDate "2003.12.21"]

1. d4 Nf6 2. c4 e6 3. Nc3 Bb4 4. Qc2 O-O 5. a3 Bxc3+ 6. Qxc3 b6 7. Bg5 Bb7
8. f3 h6 9. Bh4 d5 10. e3 Nbd7 11. Nh3 c5 12. cxd5 Nxd5 13. Bxd8 Nxc3 14.
Be7 Rfe8 15. Bh4 Nd5 16. Bb5 g5 17. Bf2 Red8 18. e4 N5f6 19. dxc5 Nxc5 20.
Bxc5 bxc5 21. Rc1 a6 22. Be2 Rac8 23. Nf2 Rd4 24. Rc2 Nd7 25. O-O a5 26.
Rd1 Rxd1+ 27. Nxd1 Bc6 28. Nc3 Rb8 29. Kf2 Kf8 30. Ke3 Ke7 31. g3 Rb7 32.
f4 gxf4+ 33. gxf4 Rb8 34. Bc4 Nb6 35. Ba2 Nd7 36. Kd3 Rg8 37. Bb3 Nb6 38.
Ke3 Nd7 39. Ba4 Bxa4 40. Nxa4 Rb8 41. Kd3 e5 42. f5 Rb3+ 43. Rc3 Rb8 44.
Rc2 Rb3+ 45. Rc3 Rb8 46. Kc4 Nf6 47. Re3 Kd6 48. b3 Nd7 49. Rh3 Rg8 50.
Rxh6+ f6 51. Nc3 Rg2 52. Nd5 Rc2+ 53. Kb5 Rb2 54. Nxf6 1-0

[Event "Harmonie"]
[Site "Groningen NED"]
[Date "2003.12.24"]
[Round "4"]
[White "Smeets,J"]
[Black "Kurnosov,I"]
[Result "1/2-1/2"]
[WhiteElo "2511"]
[BlackElo "2527"]
[EventDate "2003.12.21"]

1. e4 e5 2. Nf3 Nc6 3. d4 exd4 4. Nxd4 Nf6 5. Nc3 Bb4 6. Nxc6 bxc6 7. Bd3
d5 8. exd5 cxd5 9. Qe2+ Qe7 10. Qxe7+ Kxe7 11. Bd2 c6 12. Na4 Bxd2+ 13.
Kxd2 Kd6 14. c4 Be6 15. cxd5 cxd5 16. Nc3 Bd7 17. f3 Rhb8 18. Rab1 a5 19.
b3 Rb6 20. Rhc1 Rab8 21. Ne2 Rb4 22. Rc2 h5 23. Rcb2 a4 24. Kc1 Rc8+ 25.
Rc2 Ra8 26. bxa4 Rbxa4 27. Rb6+ Ke7 28. Nc3 Ra3 29. Rb4 Be6 30. Kb2 Nd7 31.
Rd2 Ne5 32. Bb5 Nc4+ 33. Bxc4 dxc4 34. Rd4 R3a5 35. a4 g5 36. Ka3 Re5 37.
Re4 Kf6 38. Rb5 Rxb5 39. Nxb5 Bd7 40. Nc3 Be6 41. Kb4 g4 42. fxg4 hxg4 43.
g3 Rb8+ 44. Nb5 Ke7 45. Rd4 Ra8 46. Rd2 Bd7 47. Rc2 Be6 48. Nc7 Rb8+ 49.
Kc5 Rc8 50. Kc6 Bd7+ 51. Kb7 Bxa4 52. Rxc4 Bd7 53. Rd4 Rd8 54. Nd5+ Ke8 55.
Kc7 Rc8+ 56. Kd6 Rc6+ 57. Ke5 Kf8 58. Nf6 Re6+ 59. Kf5 Bc8 60. Kg5 Re5+ 61.
Kh4 Kg7 62. Nxg4 Re2 63. h3 f5 64. Rd6 fxg4 65. hxg4 1/2-1/2

[Event "Harmonie"]
[Site "Groningen NED"]
[Date "2003.12.26"]
[Round "5"]
[White "Michiels,B"]
[Black "Gagunashvili,M"]
[Result "1/2-1/2"]
[WhiteElo "2390"]
[BlackElo "2582"]
[EventDate "2003.12.21"]

1. e4 c5 2. Nf3 e6 3. d4 cxd4 4. Nxd4 a6 5. c4 Nf6 6. Nc3 Qc7 7. a3 b6 8.
Be3 d6 9. Be2 Bb7 10. f3 Be7 11. O-O O-O 12. Qd2 Nbd7 13. Rac1 Rac8 14.
Rfd1 Qb8 15. Kh1 Rfe8 16. Bf1 Bd8 17. Rc2 Bc7 18. Bg1 Kh8 19. b4 Rg8 20. b5
a5 21. Nc6 Bxc6 22. bxc6 Nc5 23. Nb5 Rgd8 24. Rb2 Ne8 25. Rdb1 Na4 26. Rb3
Nc5 27. R3b2 Na4 28. Rb3 Nc5 29. R3b2 1/2-1/2

[Event "Harmonie"]
[Site "Groningen NED"]
[Date "2003.12.26"]
[Round "5"]
[White "Kurnosov,I"]
[Black "Dambacher,M"]
[Result "1-0"]
[WhiteElo "2527"]
[BlackElo "2419"]
[EventDate "2003.12.21"]

1. e4 e6 2. d4 d5 3. Nc3 dxe4 4. Nxe4 Nd7 5. Bd3 Ngf6 6. Qe2 c5 7. Nxc5
Nxc5 8. dxc5 Bxc5 9. Bd2 O-O 10. O-O-O Qc7 11. Nf3 b6 12. h4 Bb7 13. h5
Rac8 14. Rh4 Rfd8 15. h6 g6 16. Bf4 Bd6 17. Bg5 Be7 18. Kb1 Nd5 19. Rc4 Qd6
20. Rxc8 Bxc8 21. Bxe7 Nxe7 22. Ne5 Nf5 23. g4 Nxh6 24. Rh1 f6 25. Nxg6 Nf7
26. Nh4 Ng5 27. Rd1 Kg7 28. Nf3 Bb7 29. Nxg5 fxg5 30. a3 e5 31. Re1 Re8 32.
Bf5 Re7 33. Rd1 Qc5 34. Rd8 e4 35. Qd2 e3 36. fxe3 Bc6 37. Qh2 h6 38. Rd6
1-0

[Event "Harmonie"]
[Site "Groningen NED"]
[Date "2003.12.26"]
[Round "5"]
[White "Ernst,S"]
[Black "Smeets,J"]
[Result "1/2-1/2"]
[WhiteElo "2474"]
[BlackElo "2511"]
[EventDate "2003.12.21"]

1. d4 d5 2. c4 c6 3. Nf3 Nf6 4. e3 Bf5 5. Nc3 e6 6. Nh4 Be4 7. f3 Bg6 8.
Qb3 Qc7 9. Bd2 Be7 10. O-O-O dxc4 11. Bxc4 b5 12. Be2 a6 13. Nxg6 hxg6 14.
e4 c5 15. d5 c4 16. Qc2 e5 17. f4 Nbd7 18. f5 Nc5 19. fxg6 fxg6 20. Bg5 Bd6
21. Kb1 Qa5 22. a3 Rc8 23. Be3 Nb3 24. Na2 Ke7 25. h4 Bc5 26. Bxc5+ Rxc5
27. Nb4 Qb6 28. Qc3 Qd6 29. Nc6+ Rxc6 30. dxc6 Nd4 31. Qe3 Qxc6 32. Bf3 Qc5
33. Qg5 Kf7 34. h5 gxh5 35. Bxh5+ Rxh5 36. Rxh5 c3 37. bxc3 Qxc3 38. Rxd4
Qxd4 39. Rh4 Qd3+ 40. Kb2 Qd4+ 41. Kb1 Qd3+ 42. Kb2 a5 43. Rh3 Qd4+ 44. Ka2
Qc4+ 45. Kb2 Qe2+ 46. Ka1 Qd1+ 47. Kb2 Qd4+ 48. Ka2 Qxe4 49. Qd2 Ke6 50.
Kb2 Nd5 51. Rg3 Nb6 52. Qf2 Nc4+ 53. Ka2 g6 54. Rf3 Qd5 55. Ka1 Qd1+ 56.
Ka2 Qd2+ 57. Qxd2 Nxd2 58. Rf2 Nc4 59. Kb3 Kd5 60. Rf8 e4 61. Rd8+ Kc5 62.
Rc8+ Kd5 63. Rd8+ Kc5 64. Rc8+ Kd5 1/2-1/2

[Event "Harmonie"]
[Site "Groningen NED"]
[Date "2003.12.27"]
[Round "6"]
[White "Smeets,J"]
[Black "L'Ami,E"]
[Result "1/2-1/2"]
[WhiteElo "2511"]
[BlackElo "2470"]
[EventDate "2003.12.21"]

1. e4 e5 2. Nf3 Nc6 3. d4 exd4 4. Nxd4 Bc5 5. Nxc6 Qf6 6. Qd2 dxc6 7. Nc3
Bd4 8. Bd3 Ne7 9. O-O Ng6 10. Qg5 Qxg5 11. Bxg5 f6 12. Bc1 Ne5 13. Be2 Be6
14. Nd1 O-O-O 15. Re1 h5 16. c3 Bb6 17. Be3 Bxe3 18. Nxe3 Rd2 19. f4 Ng4
20. Bc4 Re8 21. Bxe6+ Rxe6 22. Nc4 Rc2 23. h3 Nf2 24. Ne3 Rxb2 25. Nc4 Rc2
1/2-1/2

[Event "Harmonie"]
[Site "Groningen NED"]
[Date "2003.12.27"]
[Round "6"]
[White "Dambacher,M"]
[Black "Gagunashvili,M"]
[Result "1/2-1/2"]
[WhiteElo "2419"]
[BlackElo "2582"]
[EventDate "2003.12.21"]

1. d4 d6 2. e4 Nf6 3. Nc3 g6 4. h3 Bg7 5. Be3 c6 6. a4 O-O 7. Nge2 e5 8. g4
Nbd7 9. Bg2 h5 10. g5 Nh7 11. Qd2 Qa5 12. O-O exd4 13. Nxd4 Ne5 14. Qe2 Qb4
15. f4 Nc4 16. Na2 Qc5 17. b4 Nxe3 18. bxc5 Bxd4 19. c3 Bxc5 20. Rf2 Be6
21. Kh2 Rae8 22. Nb4 Bc4 23. Nd3 f6 24. Qd2 Bxd3 25. Qxd3 fxg5 26. f5 Nf6
27. Re2 Nxg2 28. Kxg2 gxf5 29. Qc4+ Kg7 30. exf5 Nd5 31. Kh1 Ne3 32. Qd3
Re5 33. Rae1 Rd5 34. Qb1 Nxf5 35. Re7+ Nxe7 36. Rxe7+ Rf7 37. Rxf7+ Kxf7
38. Qxb7+ Kf6 39. Qxc6 Rd1+ 40. Kh2 Rd2+ 41. Kh1 Rd3 42. Qc8 Rg3 43. Qh8+
Kf5 44. Qh7+ Ke5 45. Qxh5 Be3 46. h4 Rh3+ 47. Kg2 Rxh4 48. Qe8+ 1/2-1/2

[Event "Harmonie"]
[Site "Groningen NED"]
[Date "2003.12.27"]
[Round "6"]
[White "Nijboer,F"]
[Black "Michiels,B"]
[Result "1-0"]
[WhiteElo "2577"]
[BlackElo "2390"]
[EventDate "2003.12.21"]

1. e4 e6 2. d4 d5 3. Nc3 Nf6 4. e5 Nfd7 5. f4 c5 6. Nf3 Nc6 7. Be3 Qb6 8.
Na4 Qa5+ 9. c3 c4 10. b4 Qc7 11. Be2 Be7 12. O-O f6 13. exf6 Nxf6 14. Ne5
O-O 15. Qc2 b6 16. Nb2 Bd7 17. Nxd7 Qxd7 18. a4 Nd8 19. Rae1 Nf7 20. Nd1
Nd6 21. Bc1 Rae8 22. g3 Nfe4 23. Bf3 a6 24. Re2 Bd8 25. b5 axb5 26. axb5
Rf7 27. Ba3 Nxb5 28. Bxe4 dxe4 29. Bb4 Nc7 30. Nf2 Nd5 31. Ba3 e3 32. Ng4
Bc7 33. Nxe3 Ra8 34. Qb2 b5 35. Bc5 Nxe3 36. Rxe3 Rf6 37. Rfe1 h6 38. Qg2
Ra6 39. Qb7 Ra2 40. Bb6 Rf7 41. Bxc7 Qxc7 42. Qxb5 Rxf4 43. Qe8+ Kh7 44.
Rxe6 Rg4 45. R1e5 Qb7 46. Rxh6+ gxh6 47. Re7+ Qxe7 48. Qxe7+ Rg7 49. Qe4+
Kh8 50. Qe6 Rb2 51. Qxh6+ Kg8 52. Qe6+ Kh8 53. Qxc4 Ra7 54. Qf1 Kg7 55. d5
Rd2 56. c4 Raa2 57. g4 Rxh2 58. c5 Rhd2 59. g5 Kg6 60. c6 Kxg5 61. c7 Rac2
62. Qe1 Rxd5 63. Qe7+ Kf4 64. Qf6+ Rf5 65. Qd4+ Kg5 66. Qd8+ Kg6 67. c8=Q
Rxc8 68. Qxc8 Rg5+ 69. Kf2 Rf5+ 70. Ke3 Rf6 71. Qc7 Rf5 72. Qg3+ Rg5 73.
Qf4 Rf5 74. Qg4+ Kf6 75. Qg8 Rg5 76. Qh7 Rg6 77. Qh5 Kg7 78. Ke4 Rf6 79.
Qe8 Kh7 80. Qe7+ Kg6 81. Qe8+ Kh6 82. Qe7 Rg6 83. Kf5 Kh5 84. Qf7 1-0

[Event "Harmonie"]
[Site "Groningen NED"]
[Date "2003.12.29"]
[Round "8"]
[White "Smeets,J"]
[Black "Michiels,B"]
[Result "1-0"]
[WhiteElo "2511"]
[BlackElo "2390"]
[EventDate "2003.12.21"]

1. e4 e6 2. d4 d5 3. Nc3 Nf6 4. Bg5 Bb4 5. e5 h6 6. Bd2 Bxc3 7. bxc3 Ne4 8.
Qg4 g6 9. Bd3 Bd7 10. Bc1 c5 11. Ne2 Qa5 12. O-O Nxc3 13. Bd2 Nxe2+ 14.
Qxe2 Qc7 15. dxc5 Nc6 16. Rab1 Ne7 17. Rb4 O-O-O 18. Rfb1 Bc6 19. Rf4 Nf5
20. Qe1 Qe7 21. Ba5 Rd7 22. Qb4 Kb8 23. Qa3 d4 24. Re4 Rd5 25. Ree1 Rc8 26.
Bf1 Qxc5 27. Bb4 Qxc2 28. Rb3 Bb5 29. Bxb5 Rxb5 30. Bd6+ Nxd6 31. Qxd6+ Ka8
32. Rxb5 d3 33. Rf1 d2 34. Rb4 Rc6 35. Qd8+ Rc8 36. Rd4 1-0

[Event "Harmonie"]
[Site "Groningen NED"]
[Date "2003.12.29"]
[Round "8"]
[White "Kurnosov,I"]
[Black "Li Wenliang"]
[Result "1-0"]
[WhiteElo "2527"]
[BlackElo "2477"]
[EventDate "2003.12.21"]

1. e4 c6 2. d4 d5 3. e5 Bf5 4. Nf3 e6 5. Be2 c5 6. Be3 cxd4 7. Nxd4 Ne7 8.
Bg5 Qa5+ 9. Nc3 Bg6 10. Nb3 Qb6 11. Nb5 Nec6 12. Be3 Qd8 13. f4 a6 14. Nc3
Be7 15. O-O O-O 16. g4 f6 17. f5 Bf7 18. fxe6 Bxe6 19. Nc5 Bxc5 20. Bxc5
Rf7 21. exf6 Nd7 22. Bd4 Nxf6 23. Qd2 Qe7 24. Bf3 Rd8 25. Bb6 Rd7 26. Rae1
Qb4 27. Rxe6 Qxb6+ 28. Qf2 Qd8 29. g5 Ne4 30. Nxe4 dxe4 31. Rxe4 Qxg5+ 32.
Kh1 g6 33. Qg2 Qc5 34. Rfe1 Kg7 35. c3 Rd3 36. Be2 Rd2 37. Rf1 Rxf1+ 38.
Qxf1 Qd5 39. Bf3 Qd6 40. Re2 Rxe2 41. Qxe2 Qf4 42. Qd1 Kh6 43. a3 Qe3 44.
Bg2 Kg5 45. Qf1 Qd2 46. a4 Qe3 47. h3 h5 48. Qg1 Kf4 49. h4 Qe2 50. b4 Ne5
51. Qh2+ Kg4 52. Bxb7 Qxh2+ 53. Kxh2 Kxh4 54. a5 g5 55. Bxa6 g4 56. Bb7 g3+
57. Kg2 Ng6 58. a6 Nf4+ 59. Kh1 Kg4 60. a7 1-0

[Event "Harmonie"]
[Site "Groningen NED"]
[Date "2003.12.30"]
[Round "9"]
[White "Gagunashvili,M"]
[Black "Smeets,J"]
[Result "1/2-1/2"]
[WhiteElo "2582"]
[BlackElo "2511"]
[EventDate "2003.12.21"]

1. d4 d5 2. c4 c6 3. Nf3 Nf6 4. cxd5 cxd5 5. Nc3 e6 6. Bf4 Be7 7. e3 Nc6 8.
Bb5 Bd7 9. O-O O-O 10. Bxc6 Bxc6 11. Ne5 Qb6 12. Qe2 1/2-1/2

[Event "Harmonie"]
[Site "Groningen NED"]
[Date "2003.12.30"]
[Round "9"]
[White "L'Ami,E"]
[Black "Dambacher,M"]
[Result "1-0"]
[WhiteElo "2470"]
[BlackElo "2419"]
[EventDate "2003.12.21"]

1. e4 e6 2. d4 d5 3. Nc3 dxe4 4. Nxe4 Nd7 5. g3 b6 6. Bg2 Rb8 7. Qe2 Bb7 8.
Nf3 Be7 9. O-O Ngf6 10. Nxf6+ Nxf6 11. Rd1 O-O 12. c4 Qe8 13. Ne5 Bxg2 14.
Kxg2 b5 15. b3 bxc4 16. bxc4 c5 17. Be3 cxd4 18. Bxd4 Qa4 19. Qf3 Rfc8 20.
Rab1 Bd6 21. Rxb8 Bxb8 22. Qb3 Qa6 23. Qb5 Qd6 24. Qb7 Rf8 25. Qf3 Qc7 26.
Rb1 Nd7 27. Nc6 f6 28. Rb7 Qd6 29. c5 Nxc5 30. Bxc5 Qxc5 31. Nxb8 1-0